Skoki Narciarskie - trenerzy Czechosłowacji/Czech - Statystyki

Ogólne statystyki
  • Ten quiz został rozwiązany 27 razy
    8 od ostatniego zresetowania
  • Średni wynik to 7 z 23
Statystyki odpowiedzi
Hint Odpowiedź % Poprawnych
2000-2002 David Jiroutek
71%
2009-2014 David Jiroutek
71%
2018-2020 David Jiroutek
71%
2006-2009 Richard Schallert
57%
2014-2018 Richard Schallert
57%
2004-2006 Vasja Bajc
57%
2021-2023 Vasja Bajc
57%
2023-2023 Lukáš Hlava
43%
2002-2002 Pavel Mikeska
43%
1978-1989 Jiří Raška
29%
1994-1996 Jiří Raška
29%
2020-2020 Antonín Hájek
14%
1989-1993 Ján Tánczos
14%
2002-2004 Ján Tánczos
14%
2025- Lukáš Hlava
14%
1996-1998 Pavel Ploc
14%
2020-2021 František Vaculík
0%
2023-2025 Gaj Trček
0%
1970-1978 Jáchym Bulín
0%
2025-2025 Jaroslav Sakala
0%
1989-1994 Luděk Matura
0%
1998-2000 Pavel Fízek
0%
1960-1970 Zdeněk Remsa
0%
Nie znaleziono quizów pasujących do podanych kryteriów
Rozkład punktacji
Procent ludzi z każdym wynikiem
Percentyl według liczby udzielonych odpowiedzi
Twoja historia wyników
Nie rozwiązałeś tego quizu od ostatniego zresetowania